[Event "Liberec op 15th"]
[Site "Liberec"]
[Date "2015.02.15"]
[Round "2"]
[White "Halak, Miklos"]
[Black "Hiller, Wieland"]
[Result "1-0"]
[WhiteElo "2241"]
[BlackElo "1954"]
[PlyCount "69"]
[EventDate "2015.02.14"]
[EventType "swiss"]
[EventRounds "9"]
[EventCountry "CZE"]
[SourceTitle "CBM 164 Extra"]
[Source "ChessBase"]
[SourceDate "2015.03.02"]
[SourceVersion "1"]
[SourceVersionDate "2015.03.02"]
[SourceQuality "1"]

1. e4 c5 2. c3 Nf6 3. e5 Nd5 4. d4 d6 5. Nf3 Nc6 6. Bc4 Nb6 7. Bb5 Bd7 8. exd6 exd6 9. 0-0 Be7 10. Bf4 0-0 11. Na3 Rc8 12. d5 Nb8 13. Be2 Bf5 14. Qd2 N8d7 15. c4 Nf6 16. Bd3 Bxd3 17. Qxd3 Qd7 18. h3 Rfe8 19. Nc2 Nh5 20. Bh2 g6 21. Ne3 Bf6 22. Rab1 Na4 23. Qc2 Nb6 24. g4 Ng7 25. g5 Bd4 26. Ng4 Nh5 27. Nxd4 cxd4 28. Qd3 Nxc4 29. Qxd4 Ne5 30. Nh6+ Kf8 31. f4 Rc4 32. Qd2 Qxh3 33. fxe5 Rg4+ 34. Nxg4 Qxg4+ 35. Qg2 1-0

[Event "Salento op 3rd"]
[Site "Gallipoli"]
[Date "2014.05.21"]
[Round "6"]
[White "Zhang, Fan"]
[Black "Hiller, Wieland"]
[Result "1-0"]
[WhiteElo "2102"]
[BlackElo "1951"]
[PlyCount "63"]
[EventDate "2014.05.17"]
[EventType "swiss"]
[EventRounds "9"]
[EventCountry "ITA"]
[SourceTitle "CBM 160 Extra"]
[Source "ChessBase"]
[SourceDate "2014.07.01"]
[SourceVersion "1"]
[SourceVersionDate "2014.07.01"]
[SourceQuality "1"]

1. d4 Nf6 2. Bg5 h6 3. Bxf6 exf6 4. e3 d5 5. c4 Bb4+ 6. Nc3 0-0 7. a3 Bxc3+ 8. bxc3 dxc4 9. Bxc4 b6 10. Qf3 c6 11. Ne2 Be6 12. Bd3 Qd5 13. Be4 Qc4 14. 0-0 Bd5 15. Bxd5 Qxd5 16. Qxd5 cxd5 17. Nf4 Rd8 18. Rfc1 Nc6 19. Rab1 Na5 20. Rb5 g5 21. Nxd5 a6 22. Nxf6+ Kg7 23. Rxb6 Nc4 24. Nh5+ Kh7 25. Rb3 Nd2 26. Rb4 a5 27. Rb5 Rdc8 28. Nf6+ Kg7 29. Nd7 Rc7 30. Nc5 Nc4 31. a4 Rd8 32. Kf1 1-0

[Event "Salento op 3rd"]
[Site "Gallipoli"]
[Date "2014.05.20"]
[Round "5"]
[White "Hiller, Wieland"]
[Black "Bernabei, Alberto"]
[Result "1-0"]
[WhiteElo "1951"]
[BlackElo "1932"]
[PlyCount "99"]
[EventDate "2014.05.17"]
[EventType "swiss"]
[EventRounds "9"]
[EventCountry "ITA"]
[SourceTitle "CBM 160 Extra"]
[Source "ChessBase"]
[SourceDate "2014.07.01"]
[SourceVersion "1"]
[SourceVersionDate "2014.07.01"]
[SourceQuality "1"]

1. e4 c5 2. Nc3 e6 3. g3 d5 4. exd5 exd5 5. Bg2 Nf6 6. d3 h6 7. Bf4 Be7 8. Nf3 0-0 9. 0-0 a6 10. Re1 d4 11. Ne2 Nd5 12. Bd2 Be6 13. Nf4 Nxf4 14. Bxf4 Nc6 15. Ne5 Nxe5 16. Bxe5 Qd7 17. Qf3 b5 18. Qc6 Ra7 19. Qb6 Kh7 20. Bc6 Bd8 21. Qxc5 Be7 22. Qb6 Bd8 23. Qxd4 Qxd4 24. Bxd4 Rc7 25. Be4+ g6 26. c3 Rd7 27. Bc6 Rc7 28. Bf3 Rd7 29. a3 Bc7 30. Bc6 Rdd8 31. Bc5 Rg8 32. d4 h5 33. Rad1 Bb3 34. Rd2 Bd6 35. Bb6 Rb8 36. Ba7 Rbc8 37. d5 Bc4 38. Bd4 h4 39. Re4 g5 40. Be5 f5 41. Re3 Bc5 42. Bd4 Bd6 43. Kg2 f4 44. Re1 fxg3 45. hxg3 Rgf8 46. Be3 hxg3 47. fxg3 g4 48. Bd7 Rc7 49. Bxg4 Kg6 50. Rh1 1-0

[Event "Salento op 3rd"]
[Site "Gallipoli"]
[Date "2014.05.19"]
[Round "4"]
[White "Longson, Sarah N"]
[Black "Hiller, Wieland"]
[Result "1-0"]
[WhiteElo "2100"]
[BlackElo "1951"]
[PlyCount "95"]
[EventDate "2014.05.17"]
[EventType "swiss"]
[EventRounds "9"]
[EventCountry "ITA"]
[SourceTitle "CBM 160 Extra"]
[Source "ChessBase"]
[SourceDate "2014.07.01"]
[SourceVersion "1"]
[SourceVersionDate "2014.07.01"]
[SourceQuality "1"]

1. e4 c5 2. Nf3 e6 3. d4 cxd4 4. Nxd4 a6 5. Bd3 Qc7 6. c4 Nf6 7. Nc3 Be7 8. 0-0 0-0 9. Be3 d6 10. Rc1 Nbd7 11. f4 b6 12. f5 Ne5 13. Be2 Re8 14. b3 exf5 15. Nxf5 Bxf5 16. Rxf5 Rab8 17. Qf1 Bd8 18. Bg5 Ned7 19. b4 Re5 20. Qf3 Rxf5 21. Qxf5 Be7 22. Rf1 Rf8 23. Rf3 g6 24. Qh3 Qd8 25. Qh4 Re8 26. Rh3 Nf8 27. Rf3 N8d7 28. Rf1 Kg7 29. Qf4 Ne5 30. h4 h5 31. Qg3 Kh7 32. c5 bxc5 33. bxc5 Kg8 34. Bxa6 Neg4 35. Rd1 Qa5 36. Bb5 Nxe4 37. Nxe4 Qxb5 38. cxd6 Bxd6 39. Nxd6 Qb6+ 40. Kf1 Ne3+ 41. Bxe3 Rxe3 42. Qf2 Qa6+ 43. Kg1 Re7 44. Rd2 Rc7 45. Ne4 Rc1+ 46. Kh2 Rf1 47. Rd8+ Kh7 48. Qd4 1-0

[Event "Naumburg Osteropen 9th"]
[Site "Naumburg Saale"]
[Date "2014.04.21"]
[Round "5.5"]
[White "Beck, Rudolf"]
[Black "Hiller, Wieland"]
[Result "0-1"]
[WhiteElo "2064"]
[BlackElo "1933"]
[PlyCount "46"]
[EventDate "2014.04.19"]
[EventType "swiss"]
[EventRounds "5"]
[EventCountry "GER"]
[SourceTitle "EXT 2020"]
[Source "ChessBase"]
[SourceDate "2019.10.17"]
[SourceVersion "1"]
[SourceVersionDate "2019.10.17"]
[SourceQuality "1"]

1. e4 c5 2. Nf3 e6 3. d4 cxd4 4. Nxd4 a6 5. Bd3 Nc6 6. Nb3 Qc7 7. 0-0 Nf6 8. f4 d6 9. Nc3 b5 10. a3 Be7 11. Kh1 0-0 12. Be3 Bb7 13. Rf3 Rfd8 14. Rh3 g6 15. f5 exf5 16. exf5 Ne5 17. fxg6 fxg6 18. Qg1 Qd7 19. Rh4 Nfg4 20. Rxg4 Qxg4 21. Be2 Qh3 22. Ne4 Rf8 23. Bh6 Qxh6 0-1

[Event "Naumburg Osteropen 9th"]
[Site "Naumburg Saale"]
[Date "2014.04.19"]
[Round "1.14"]
[White "Hiller, Wieland"]
[Black "Hegenbarth, Thomas"]
[Result "1/2-1/2"]
[WhiteElo "1933"]
[BlackElo "1618"]
[PlyCount "96"]
[EventDate "2014.04.19"]
[EventType "swiss"]
[EventRounds "5"]
[EventCountry "GER"]
[SourceTitle "EXT 2020"]
[Source "ChessBase"]
[SourceDate "2019.10.17"]
[SourceVersion "1"]
[SourceVersionDate "2019.10.17"]
[SourceQuality "1"]

1. e4 e5 2. Nf3 Nc6 3. Bb5 a6 4. Ba4 Nf6 5. 0-0 Be7 6. c3 b5 7. Bb3 d6 8. Re1 Na5 9. Bc2 c5 10. d4 Qc7 11. h3 0-0 12. Nbd2 Re8 13. Nf1 h6 14. Ng3 Bf8 15. b3 Nc6 16. Bb2 Bd7 17. d5 Ne7 18. Nh4 Ng6 19. Nxg6 fxg6 20. c4 Be7 21. Qd2 Rf8 22. Rf1 Nh7 23. Ne2 g5 24. Rad1 g4 25. hxg4 Bxg4 26. f3 Bg5 27. Qd3 Bh5 28. g4 Bg6 29. Bc1 Bxc1 30. Rxc1 Ng5 31. Kg2 Qd7 32. Ng3 Rf4 33. Rce1 Raf8 34. Bd1 h5 35. Nf5 hxg4 36. fxg4 Rxf1 37. Rxf1 Bxf5 38. Rxf5 Rxf5 39. gxf5 b4 40. Qe3 Qe7 41. Bh5 Nh7 42. Qg3 Qg5 43. Qxg5 Nxg5 44. Bf3 Kh7 45. Kg3 Kh6 46. Bg2 Nh7 47. Kh4 Nf6 48. Bf3 a5 1/2-1/2

[Event "Leipzig VfB op 18th"]
[Site "Leipzig"]
[Date "2011.03.25"]
[Round "6"]
[White "Neumann, Michael"]
[Black "Hiller, Wieland"]
[Result "1/2-1/2"]
[WhiteElo "2139"]
[BlackElo "1937"]
[PlyCount "131"]
[EventDate "2011.03.20"]
[EventType "swiss"]
[EventRounds "9"]
[EventCountry "GER"]
[SourceTitle "CBM 141 Extra"]
[Source "ChessBase"]
[SourceDate "2011.05.03"]
[SourceVersion "1"]
[SourceVersionDate "2011.05.03"]
[SourceQuality "1"]

1. e4 c5 2. Nf3 e6 3. d4 cxd4 4. Nxd4 a6 5. Bd3 Nf6 6. 0-0 Qc7 7. Qe2 d6 8. c4 Nbd7 9. Nc3 Ne5 10. Rd1 Be7 11. f3 0-0 12. Be3 b6 13. Rac1 Nxd3 14. Rxd3 Bb7 15. b3 Nd7 16. Qf2 Rac8 17. Nde2 Rfd8 18. Rcd1 Rb8 19. R3d2 Ba8 20. Rc1 Rdc8 21. Rdd1 Bf6 22. Qg3 Be5 23. Bf4 Rd8 24. Bxe5 dxe5 25. Qf2 Nc5 26. Qe3 Bc6 27. b4 Na4 28. Rxd8+ Rxd8 29. b5 Nxc3 30. Nxc3 Bb7 31. bxa6 Bxa6 32. Nb5 Bxb5 33. cxb5 Qa7 34. Qd2 Qe7 35. Qc3 Qd6 36. h3 h5 37. a4 h4 38. Kh2 Qd2 39. Qxd2 Rxd2 40. Rc8+ Kh7 41. Rc6 Ra2 42. Rxb6 Rxa4 43. Rb7 Kg6 44. b6 Rb4 45. Rb8 Rb1 46. b7 Kf6 47. g4 hxg3+ 48. Kxg3 Rb2 49. h4 Kg6 50. Kg4 Rg2+ 51. Kh3 Rb2 52. Kg3 Kf6 53. h5 Kg5 54. h6 Kg6 55. Kh4 Rh2+ 56. Kg3 Rb2 57. Kh3 Kh7 58. hxg7 Kxg7 59. Kg3 Kh7 60. f4 Rb3+ 61. Kg4 Kg7 62. f5 exf5+ 63. Kxf5 Rb5 64. Kg5 Rb4 65. Kf5 Rb5 66. Kg5 1/2-1/2

[Event "Leipzig VfB op 18th"]
[Site "Leipzig"]
[Date "2011.03.24"]
[Round "5"]
[White "Nabavi, Parwis"]
[Black "Hiller, Wieland"]
[Result "1/2-1/2"]
[WhiteElo "2224"]
[BlackElo "1937"]
[PlyCount "99"]
[EventDate "2011.03.20"]
[EventType "swiss"]
[EventRounds "9"]
[EventCountry "GER"]
[SourceTitle "CBM 141 Extra"]
[Source "ChessBase"]
[SourceDate "2011.05.03"]
[SourceVersion "1"]
[SourceVersionDate "2011.05.03"]
[SourceQuality "1"]

1. Nf3 c5 2. e3 Nf6 3. d4 e6 4. b3 Be7 5. Bb2 0-0 6. Bd3 d6 7. 0-0 Nc6 8. c4 Qc7 9. Nc3 a6 10. a3 b6 11. Qc2 h6 12. Rfd1 Bb7 13. Rac1 Rad8 14. Ne2 Rfe8 15. Ng3 Nb8 16. Qe2 Nbd7 17. Nd2 Qb8 18. f4 Bf8 19. Qf2 Ng4 20. Qe2 Ngf6 21. Nf3 Qa8 22. dxc5 bxc5 23. e4 e5 24. fxe5 Nxe5 25. Nxe5 dxe5 26. Bc3 Rd7 27. Bc2 Bd6 28. Rf1 Qd8 29. b4 Re6 30. b5 Bc7 31. Qe1 Qa8 32. a4 a5 33. Qe2 Qe8 34. Kh1 Nh7 35. Qe1 Qd8 36. Qe3 Bb6 37. Rf5 f6 38. Rff1 Nf8 39. Bd1 Rd3 40. Qe1 Re8 41. Bh5 Re7 42. Be2 Rdd7 43. Bg4 Rd3 44. Nf5 Re8 45. Be2 Rd7 46. Ng3 Ne6 47. Bh5 Rf8 48. Bg4 Re8 49. Bxe6+ Rxe6 50. Rd1 1/2-1/2

[Event "Leipzig VfB op 16th"]
[Site "Leipzig"]
[Date "2009.04.04"]
[Round "8"]
[White "Hiller, Wieland"]
[Black "Schmitz, Andreas Arnold"]
[Result "1/2-1/2"]
[WhiteElo "1881"]
[BlackElo "2073"]
[PlyCount "96"]
[EventDate "2009.03.31"]
[EventType "swiss"]
[EventRounds "9"]
[EventCountry "GER"]
[SourceTitle "EXT 2010"]
[Source "ChessBase"]
[SourceDate "2010.11.25"]
[SourceVersion "1"]
[SourceVersionDate "2010.11.25"]
[SourceQuality "1"]

1. e4 e6 2. d4 d5 3. Nd2 Nf6 4. e5 Nfd7 5. Bd3 c5 6. c3 Nc6 7. Ne2 Qb6 8. Nf3 cxd4 9. cxd4 f6 10. exf6 Nxf6 11. a3 Bd6 12. b4 e5 13. dxe5 Nxe5 14. Nxe5 Bxe5 15. Be3 Qe6 16. Nd4 Qg4 17. 0-0 0-0 18. h3 Qxd1 19. Rfxd1 Ne4 20. Rac1 Nd6 21. Rc5 Bxd4 22. Bxd4 Be6 23. Rc7 Rf7 24. Rc5 Ne4 25. Bxe4 dxe4 26. Rdc1 Rd7 27. Be3 Rd5 28. Rc7 Rd7 29. Rxd7 Bxd7 30. Rc7 Bc6 31. b5 Bxb5 32. Rxb7 a6 33. Bd4 Rd8 34. Bxg7 Rd7 35. Rxd7 Bxd7 36. Bd4 Kf7 37. Kf1 Bb5+ 38. Ke1 Ke6 39. g3 Kd5 40. Bf6 Bd7 41. g4 Ke6 42. Bc3 Bb5 43. h4 Bd7 44. Ke2 Kf7 45. g5 Bg4+ 46. Ke3 Bf3 47. Kf4 Kg6 48. Bf6 h5 1/2-1/2

[Event "Leipzig VfB op 16th"]
[Site "Leipzig"]
[Date "2009.04.04"]
[Round "7"]
[White "Rohne, Lars"]
[Black "Hiller, Wieland"]
[Result "1-0"]
[WhiteElo "2133"]
[BlackElo "1881"]
[PlyCount "49"]
[EventDate "2009.03.31"]
[EventType "swiss"]
[EventRounds "9"]
[EventCountry "GER"]
[SourceTitle "EXT 2010"]
[Source "ChessBase"]
[SourceDate "2010.11.25"]
[SourceVersion "1"]
[SourceVersionDate "2010.11.25"]
[SourceQuality "1"]

1. e4 c5 2. Nc3 Nc6 3. Bb5 g6 4. Bxc6 bxc6 5. f4 Bg7 6. Nf3 d6 7. d3 Bg4 8. 0-0 e6 9. Qe1 Bxf3 10. Rxf3 e5 11. Qf2 exf4 12. Bxf4 Ne7 13. Qg3 Nc8 14. Raf1 0-0 15. e5 Bxe5 16. Bxe5 dxe5 17. Rf6 Qd4+ 18. Kh1 Nb6 19. Ne4 Rad8 20. Qg5 Nd7 21. Rd6 f6 22. Nxf6+ Rxf6 23. Rfxf6 Qxb2 24. Rxg6+ Kf7 25. Qf5+ 1-0

[Event "Leipzig VfB op 16th"]
[Site "Leipzig"]
[Date "2009.04.03"]
[Round "6"]
[White "Hiller, Wieland"]
[Black "Winnig, Bernd"]
[Result "1-0"]
[WhiteElo "1881"]
[BlackElo "2049"]
[PlyCount "89"]
[EventDate "2009.03.31"]
[EventType "swiss"]
[EventRounds "9"]
[EventCountry "GER"]
[SourceTitle "EXT 2010"]
[Source "ChessBase"]
[SourceDate "2010.11.25"]
[SourceVersion "1"]
[SourceVersionDate "2010.11.25"]
[SourceQuality "1"]

1. d4 e6 2. Bf4 d5 3. Nf3 Nf6 4. e3 Bd6 5. Ne5 0-0 6. Bd3 c5 7. c3 c4 8. Bc2 Qc7 9. Nd2 Nc6 10. Ndf3 h6 11. h4 Nd7 12. Nxd7 Bxd7 13. Qd2 Bxf4 14. exf4 f5 15. Qe3 b5 16. a3 a5 17. 0-0 b4 18. axb4 axb4 19. Ba4 b3 20. Bxc6 Qxc6 21. Ne5 Qd6 22. Rfe1 Ra2 23. Rab1 Be8 24. Kh1 Bh5 25. Rg1 Qe7 26. Qh3 Rfa8 27. g3 R8a6 28. f3 Qa7 29. Qf1 Qe7 30. Qe1 g5 31. fxg5 hxg5 32. g4 fxg4 33. fxg4 Be8 34. h5 Qh7 35. Qe3 Qe4+ 36. Qxe4 dxe4 37. Rge1 Bc6 38. Nxc6 Rxc6 39. Rxe4 Kg7 40. Kg2 Ra8 41. Re5 Kh6 42. Rf1 Ra2 43. Rf6+ Kg7 44. Rg6+ Kh7 45. Re2 1-0